O smiechu, rozprávaní a smrteľnosti rozhovor s Umbertom Ecom

Bibliographic Details
Main Authors: Bogavac, Branka Le Comte (Author, Interviewer), Eco, Umberto, 1932-2016 (Author)
Other Authors: Šabík, Vincent, 1937- (Translator)
Format: Article
Language:Slovak
Subjects:

MARC

LEADER 00000nab a2200000 a 4500
001 vtls000654269
003 SK-MaSNL
005 20260304094923.0
008 250425c1998 xo 0 slo
015 |a SNBRB1998/03-07078 
035 |a CLN000006462 
035 |a urn:nbn:sk:snk-abepzu 
035 |a (urnnbn)urn:nbn:sk:snk:ar-000dg7 
035 |a (uuid)6ec28a7a-dbfb-4797-b324-f925c4ca4af7 
040 |a SNKBUCL  |b slo  |c SNKBUCL  |e AACR2 
041 0 |a slo 
044 |a xo  |c SK 
080 |a 82:929:850  |2 1981 
080 |a 850:929  |2 1981 
100 1 |a Bogavac, Branka Le Comte  |4 aut  |4 ivr  |9 1391740 
245 1 0 |a O smiechu, rozprávaní a smrteľnosti  |b rozhovor s Umbertom Ecom  |c [zhovárala sa] Branka Le Comte Bogavacová ; preložil Vincent Šabík 
500 |a Z časopisu Lettre international (1996, č. 33) 
600 1 7 |a Eco, Umberto,  |d 1932-2016  |2 snkbucl  |9 97635 
700 1 |a Eco, Umberto,  |d 1932-2016  |4 aut  |4 ive  |9 97635 
700 1 |a Šabík, Vincent,  |d 1937-  |4 trl  |9 101798 
773 0 |t Slovenské pohľady  |g Roč. 4+114, č. 3 (1998), s. 57-68 
850 |a Slovenská národná knižnica 
852 |a Slovenská národná knižnica 
958 |a article27 
958 |a LX 
958 |a IT 
958 |a OND 
958 |a EUIPO 
999 |c 2829682  |d 2831612